| 000 | 01473nam a22003495i 4500 | ||
|---|---|---|---|
| 001 | 177701 | ||
| 003 | ES-MaACL | ||
| 005 | 20250712032649.0 | ||
| 008 | 110413s1958 sp fo |||| | spa d | ||
| 080 | _a821.134.2-31"19" | ||
| 245 | 0 | 4 |
_aLas mejores novelas contemporáneas. _nII, _p(1900-1904) / _cselección y estudios de Joaquín de Entrambasaguas ; con la colaboración de María del Pilar Palomo. |
| 250 | _a1ª ed. | ||
| 260 |
_aBarcelona : _bPlaneta, _c1958. |
||
| 300 |
_a1 v. (LXXII, 1601, [10] p. de lám.) ; _c19 cm. |
||
| 504 | _aBibliografía: p. 1575-1594. | ||
| 505 | 8 | _aContiene: v. 2. Entre naranjos / Vicente Blasco Ibáñez. Sonata de otoño / Ramón María del Valle-Inclán. La voluntad / José Martínez Ruiz. La millona / Juan Francisco Muñoz y Pabón. La busca / Pío Baroja y Nessi | |
| 650 | 0 | 4 |
_aNovela española- _yS.XX _915636 |
| 700 | 1 |
_aEntrambasaguas, Joaquín de, _d1904-1995 _947309 |
|
| 700 | 1 |
_aPalomo, María del Pilar, _d1933- _9144616 |
|
| 700 | 1 |
_aBlasco Ibáñez, Vicente, _d1867-1928 _929388 |
|
| 700 | 1 |
_aValle-Inclán, Ramón del, _d1866-1936 _9112796 |
|
| 700 | 0 |
_aAzorín, _d1873-1967 _924326 |
|
| 700 | 1 |
_aMuñoz y Pabón, Juan Francisco. _9146165 |
|
| 700 | 1 |
_aBaroja, Pío, _d1872-1956 _925752 |
|
| 740 | 0 | 2 | _aEntre naranjos. |
| 740 | 0 | 2 | _aSonata de otoño. |
| 740 | 3 | 2 | _aLa voluntad. |
| 740 | 3 | 2 | _aLa millona. |
| 740 | 3 | 2 | _aLa busca. |
| 852 |
_aES-MaACL _jE-14894 _xOlim P-241 |
||
| 999 |
_c177701 _d177701 |
||